[Event "85th Southwest Open 2019"]
[Site "Dallas"]
[Date "2019.09.02"]
[Round "8.17"]
[White "Kambrath, Yannick"]
[Black "Kumar, Nikhil"]
[Result "1/2-1/2"]
[WhiteElo "2365"]
[BlackElo "2297"]
[Annotator "TA"]
[PlyCount "120"]
[EventDate "2019.08.29"]
[EventType "swiss"]
[EventCountry "USA"]
[SourceTitle "playchess.com"]
[Source "ChessBase"]
[SourceQuality "1"]

{[%evp 19,120,0,0,0,0,0,24,24,31,16,27,27,27,25,24,20,68,77,73,75,69,35,41,49,58,63,75,72,70,72,63,65,63,0,88,100,62,91,137,126,136,113,114,128,117,120,196,191,187,167,361,338,140,0,181,179,174,23,170,170,179,79,81,82,465,483,29990,0,122,0,29989,159,156,150,124,0,0,0,0,0,0,0,0,0,0,0,0,0,0,0,0,0,0,0,0,0,0,0,0,0,0,0,0]} 1. c4 e6 2. Nf3 d5 3. b3 Nf6 4. Bb2 Be7 5. g3 O-O 6. Bg2 c5 7. O-O d4 8. e3 Nc6 9. exd4 cxd4 10. Re1 Bc5 11. Ne5 {A14: English Opening: 1...e6 with b3 by White} (11. Ba3 Nd7 12. d3 Re8 13. Nfd2 Bxa3 14. Nxa3 Nc5 15. Ne4 Nxe4 16. Bxe4 e5 17. Qd2 a5 18. c5 Bh3 {0-1 (40) Tomashevsky,E (2716)-Ganguly,S (2668) Doha 2016}) 11... Nxe5 12. Rxe5 Qc7 13. Rxc5 {[%mdl 64] Remove Defender. White has an edge.} Qxc5 14. Ba3 Qc7 15. Bxf8 Kxf8 16. d3 e5 17. Nd2 Bf5 $146 ({Predecessor:} 17... Bg4 18. Qc2 a5 {½-½ (48) Martinez Alcantara,J (2440)-Quintiliano Pinto,R (2378) Praia da Pipa 2014}) 18. Qf3 Bc8 19. h3 Rb8 20. Ne4 Nxe4 21. Qxe4 g6 $1 22. Re1 f6 23. f4 {[%cal Rf4e5]} Bf5 24. Qf3 $36 {[%mdl 2048] Black is under strong pressure.} exf4 25. g4 $1 {[%cal Rg4f5]} Bd7 26. Qd5 (26. Qf2 $1 $14 b6 27. Qh4 $1 {[%mdl 576] Double Attack} (27. Qxd4 Qc5 $14)) 26... Re8 (26... b6 $1 $11 {remains equal.}) 27. Rxe8+ $16 Bxe8 28. Qxd4 Qe7 29. Qxf4 Bc6 30. d4 Bxg2 31. Kxg2 {[%mdl 4096] Endgame KQ-KQ} Qe2+ 32. Kg3 Qd3+ (32... Kg7 $16) 33. Kf2 $18 Qc2+ 34. Ke3 Kg7 $2 (34... Qc1+ 35. Ke4 Qh1+ 36. Qf3 Qe1+ 37. Kd3 Qb1+ 38. Ke3 Qc1+ 39. Ke4 Qe1+ 40. Kd3 Qb1+ 41. Ke3 Qc1+ 42. Ke4 Qe1+) 35. Qc7+ Kh6 ({Black should try} 35... Kf8 $18 36. Qc8+ (36. Qxb7 Qc3+ 37. Ke2 Qc2+ 38. Kf3 Qd3+ 39. Kg2 Qd2+ 40. Kg3 Qxd4 $16) (36. Qxh7 Qc1+ 37. Kf2 Qd2+ {[%mdl 64] Double Attack} 38. Kg3 Qd3+ 39. Kh2 Qe2+ 40. Kh1 Qe1+ 41. Kh2 Qf2+ 42. Kh1 Qe1+ 43. Kh2 Qf2+ 44. Kh1 Qe1+ $11) 36... Kg7 37. Qxb7+ {[%mdl 64] Double Attack} Kh6) 36. Qf4+ ({Much less strong is} 36. Qxb7 $6 Qc3+ 37. Ke4 Qc2+ 38. Kf3 Qd3+ 39. Kg2 Qd2+ 40. Kg3 Qxd4 $14) 36... Kg7 37. h4 Qc1+ 38. Kf3 $2 ({Only move:} 38. Ke4 $1 $18 Qe1+ 39. Kd5) 38... Qf1+ (38... Qh1+ $11 {and Black has nothing to worry.} 39. Kf2 Qxh4+ 40. Qg3 Qxg3+ 41. Kxg3 Kf7) 39. Ke4 $1 Qh1+ 40. Kd3 (40. Qf3 $18 {has better winning chances.} Qh2 41. Kd3) 40... Qb1+ 41. Kc3 $1 Qxa2 $2 {[%mdl 8192]} (41... Qe1+ $16 {is tougher.} 42. Kb2 Qxh4) 42. Qc7+ {[%mdl 64] Double Attack} Kh6 (42... Kf8 $18 43. Qc8+ (43. Qxh7 Qa1+ 44. Kc2 Qa2+ 45. Kc3 Qa1+ 46. Kd3 Qd1+ 47. Ke4 Qxg4+ 48. Kd5 Qf3+ 49. Kc5 Qxb3 $11) 43... Kg7 44. Qxb7+ Kf8 45. Qb8+ (45. Qxh7 Qa5+ 46. Kd3 Qa2 $18) 45... Kg7 46. Qc7+ Kf8 47. Qd8+ (47. Qxh7 Qa5+ 48. Kd3 Qa2 $18) 47... Kf7 48. Qd7+ Kf8) 43. Qf4+ $2 (43. Qe7 $1 Qa5+ 44. Kd3 $1 {[%mdl 512]} Qf5+ 45. gxf5 Kh5 46. Qxh7+ {[%mdl 64] Double Attack} Kg4 47. fxg6 Kg3 48. g7) 43... Kg7 $16 44. Qc7+ $2 {[%mdl 8192]} (44. g5 $16 Qa1+ 45. Kb4 Qe1+ 46. Ka4) 44... Kh6 {[#]} 45. Qxb7 $2 (45. Qe7 $1 {mates} Qa1+ 46. Kb4 Qe1+ 47. Qxe1 f5 48. Qe3+ Kg7 49. Qe7+ Kg8 50. d5) 45... Qa1+ {[#]} 46. Kb4 $1 {Intending Qe7 and mate.} Qxd4 47. Kb5 (47. Qc8 $16 {[%cal Rc8f8]} Kg7 48. Qc7+ Kh6 49. Qe7 Qxg4 50. Qxf6) 47... Qxg4 $11 {The position is equal.} 48. Qxa7 f5 49. c5 Qe2+ 50. Kb6 Qe6+ 51. c6 {Qa4 is the strong threat.} Qxb3+ 52. Ka6 {aiming for c7.} Qc4+ 53. Kb7 {Threatens to win with c7.} Qe4 54. Qc5 {Strongly threatening Kb8.} f4 $1 55. Kb8 Qb1+ 56. Kc7 {And now Qf8+ would win.} Qf5 57. Qf2 Qf7+ 58. Kd6 Qf6+ 59. Kd7 Qf7+ 60. Kd6 Qf6+ {Accuracy: White = 63%, Black = 42%.} 1/2-1/2

[Event "85th Southwest Open 2019"]
[Site "Dallas"]
[Date "2019.09.02"]
[Round "8.18"]
[White "Grinberg, Eyal"]
[Black "Easton, Jack"]
[Result "1-0"]
[WhiteElo "2486"]
[BlackElo "2182"]
[Annotator "TA"]
[PlyCount "121"]
[EventDate "2019.08.29"]
[EventType "swiss"]
[EventCountry "USA"]
[SourceTitle "playchess.com"]
[Source "ChessBase"]
[SourceQuality "1"]

{[%evp 19,121,0,0,0,0,0,25,24,14,28,19,26,35,39,54,54,61,61,84,47,25,28,46,20,19,-31,0,0,7,-27,63,0,0,-74,20,21,52,-46,0,-37,14,11,40,32,24,0,32,0,137,81,90,18,218,210,369,395,365,365,359,375,334,302,424,375,387,387,415,415,406,377,424,436,749,743,752,772,1021,965,1592,774,1420,1154,6215,6107,3293,4779,2446,1485,1808,759,2966,1760,1587,1218,1505,1191,4775,4116,4779,4775,29980,29981,29987,4826]} 1. e4 c5 2. Nf3 Nc6 3. d4 cxd4 4. Nxd4 Nf6 5. Nc3 e5 6. Ndb5 d6 7. Nd5 Nxd5 8. exd5 Nb8 9. a4 Be7 10. Be2 O-O 11. O-O {B33: Sicilian: Pelikan and Sveshnikov Variations} f5 (11... Nd7 12. Bd2 f5 13. a5 a6 14. Na3 e4 15. Nc4 Ne5 16. Nb6 Rb8 17. f4 exf3 18. Bxf3 Bf6 {½-½ (40) Svidler,P (2735)-Caruana,F (2819) Karlsruhe/Baden Baden 2019}) 12. f4 {And now fxe5 would win.} Bf6 13. Kh1 {White has an edge.} a6 14. fxe5 Bxe5 {aiming for ...Qh4!} 15. Nd4 {[#]} Qe7 $146 ({Predecessor:} 15... Qf6 16. Be3 f4 17. Bg1 Rf7 18. Ne6 Re7 {1-0 (41) Smith,B (2478)-Antal,G (2526) Lubbock 2010}) 16. Nf3 Bf6 17. Re1 g5 18. Nd4 Qg7 19. Ne6 Bxe6 $1 20. dxe6 {Threatens to win with e7.} Nc6 21. c3 Be5 22. Be3 Qh6 {[%csl Ge5][%cal Rh6h2]} 23. h3 f4 24. Bc4 {Strongly threatening e7+.} Ne7 (24... Kh8 $11 25. Bd4 f3) 25. Bd4 (25. Bc5 $1 $14) 25... f3 $11 26. Qd2 (26. Bxe5 $11 dxe5 27. Rxe5) 26... Bf4 (26... Bxd4 $17 27. Qxd4 Rac8) 27. Qf2 $1 {[%cal Rf2f3]} g4 28. Rad1 (28. Bf1 $14) 28... Rf5 29. Bf1 $1 fxg2+ ({Black should play} 29... Rh5 $1 $15) 30. Qxg2 Raf8 $1 31. Rd3 (31. Qxb7 Bg3 $17) 31... Rg5 32. Qxb7 {[%mdl 64] Double Attack} Qh4 33. Red1 (33. Ra1 $5 {[%cal Rb7e7]} Bg3 34. Bg2 (34. Rxg3 Qxg3 35. Qg2 Qxg2+ 36. Bxg2 gxh3 $15) 34... gxh3 35. Bf3 $11) 33... gxh3 (33... Bg3 $1 $11 {keeps the balance.} 34. Bg2 (34. Rxg3 Qxg3 35. Qg2 Qxg2+ 36. Bxg2 gxh3 $15) 34... gxh3) 34. Rxh3 (34. Qxe7 Rg1+ 35. Bxg1 Qxe7 $17) (34. Rf3 $142) 34... Qg4 $16 {[#] ( -> ...Be3)} 35. Qf3 ({Worse is} 35. Qxe7 h6 $17) (35. Qe4 $1 $16 {[%csl Gh3][%cal Re4h7]} h5 36. Qe2) 35... Qxf3+ $2 (35... Qxe6 $11 36. Qe2 Qf5) 36. Rxf3 $18 Nf5 $2 (36... Rh5+ 37. Rh3 Rxh3+ 38. Bxh3 Be5 39. Bxe5 dxe5) 37. Bc4 {White threatens e7+ and mate.} Rh5+ {[#]} 38. Kg1 $1 {Intending e7+ and mate.} Ne7 39. Rf2 ({Resist} 39. Bxa6 Nc6 $18) 39... Rff5 40. Rg2+ Rhg5 (40... Kf8 $142 41. Bd3 Ng6 42. Bxf5 Rxf5) 41. Rxg5+ Rxg5+ 42. Kf2 a5 43. Rg1 ({Not} 43. Bf6 Rf5 $18) 43... Rxg1 44. Kxg1 {[%mdl 4096] Endgame KBB-KBN} d5 45. Bb5 Bc7 (45... Bd6 $142 46. Bb6 d4 47. cxd4 Bb4) 46. Bc5 Kf8 47. b4 h5 48. Kg2 h4 49. Kh3 Bd8 50. Bd7 axb4 51. cxb4 d4 52. Bxd4 Nd5 53. b5 Ke7 54. Bc5+ Kf6 55. b6 Nf4+ 56. Kg4 Nxe6 57. Be3 h3 58. a5 h2 59. Bc6 Ke5 60. a6 Kd6 61. a7 {Accuracy: White = 65%, Black = 37%.} (61. Bg2 $142 Bxb6 62. Bxb6 Ng7 63. a7 Ne6 64. a8=Q Ke7 65. Qc6 h1=B 66. Bxh1) 1-0

[Event "85th Southwest Open 2019"]
[Site "Dallas"]
[Date "2019.09.02"]
[Round "8.19"]
[White "Shamatava, Ana"]
[Black "Stefanov, Emil"]
[Result "1-0"]
[WhiteElo "2159"]
[BlackElo "2390"]
[Annotator "TA"]
[PlyCount "93"]
[EventDate "2019.08.29"]
[EventType "swiss"]
[EventCountry "USA"]
[SourceTitle "playchess.com"]
[Source "ChessBase"]
[SourceQuality "1"]

{[%evp 13,93,3,1,-25,-31,-39,-25,-61,-64,-79,-52,-101,-91,-85,-77,-85,-55,-57,-43,-67,-19,-7,-7,-17,0,-30,-34,-39,-34,-30,-33,-58,-43,-77,-66,-92,0,0,37,-7,62,39,102,103,117,78,75,76,83,83,85,48,167,152,177,175,163,166,260,251,252,227,235,213,459,454,563,552,654,620,2707,2504,2428,1928,1635,1564,29979,29980,29996,29997,29997,29998]} 1. Nf3 c5 2. g3 Nc6 3. Bg2 g6 4. e4 Bg7 5. O-O e5 6. Nc3 Nge7 7. d3 d6 8. h3 {B25: Closed Sicilian: 3 g3, lines without early Be3} (8. Nd2 O-O 9. Nc4 Be6 10. Nd5 Kh8 11. c3 Qd7 12. a4 f5 13. a5 Bg8 14. Nxe7 Nxe7 15. Qa4 Rad8 16. Bg5 Bf6 17. Bxf6+ Rxf6 18. exf5 gxf5 {1-0 (56) Grischuk,A (2767)-Gelfand,B (2695) Moscow 2018}) 8... O-O 9. Kh2 h6 $146 ({Predecessor:} 9... Nd4 10. Nh4 Be6 11. f4 exf4 12. Bxf4 Nec6 13. Nf3 Rc8 14. a3 Nxf3+ 15. Bxf3 Be5 16. Bxe5 dxe5 {1-0 (48) Giss,A (2027)-Bracker,F (2280) Chemnitz 2009}) 10. a4 {Black has an edge.} Be6 11. Be3 Qd7 12. Nh4 {[#]} g5 $1 {[%cal Rg5h4]} 13. Nf3 f5 14. exf5 Rxf5 15. a5 Raf8 16. Nd2 b6 {Strongly threatening ...d5.} 17. axb6 axb6 18. Nc4 Rb8 19. Nb5 Nc8 $1 20. Nca3 d5 21. c4 d4 22. Bd2 N8e7 23. Nc2 Rbf8 24. Qe2 e4 (24... R5f6 $17 {aiming for ...e4!} 25. g4 Bf7) 25. Bxe4 $11 R5f7 26. Bg2 {[#]} Ng6 ({Better is} 26... Bxc4 $1 $11 {[%mdl 512]} 27. dxc4 d3 {[%mdl 64] Double Attack, Discovered Attack}) 27. Ra6 $14 Nge5 (27... Re7 $14 28. Qh5 (28. Rxb6 Bxh3 29. Bxh3 Qxh3+ 30. Kxh3 Rxe2 $17) 28... Bf7) 28. f4 $16 ({Stronger than} 28. Rxb6 Nf3+ 29. Bxf3 Rxf3 $17) 28... Nxc4 29. dxc4 d3 30. Qe4 dxc2 31. Qxc2 Rd8 32. Rf2 Nd4 (32... gxf4 $14 33. gxf4 Ne5 {[%mdl 64] Pin} 34. Rxb6 Nxc4) 33. Nxd4 $18 cxd4 34. Qd3 ({Resist} 34. Rxb6 $6 d3 $16) 34... Qc7 35. b3 Bf5 (35... Kh8 $142 36. Bc1 Rdf8) 36. Qf1 g4 37. hxg4 Bxg4 38. Bd5 Kh8 $2 (38... Rxd5 {is a better defense.} 39. cxd5 Bc8) 39. Bxf7 Qxf7 40. f5 Be5 41. Rxb6 Bxg3+ 42. Kxg3 Qc7+ 43. Rf4 Qxb6 44. Rxg4 {Qh1! is the strong threat.} Qxb3+ 45. Kh4 {White mates.} Qc2 46. Qf4 {[%cal Rf4h6]} Rd7 47. Qb8+ {Accuracy: White = 50%, Black = 42%.} 1-0

[Event "85th Southwest Open 2019"]
[Site "Dallas"]
[Date "2019.09.02"]
[Round "8.20"]
[White "Metpally, Jason"]
[Black "Yip, Carissa"]
[Result "1/2-1/2"]
[WhiteElo "2125"]
[BlackElo "2425"]
[Annotator "TA"]
[PlyCount "95"]
[EventDate "2019.08.29"]
[EventType "swiss"]
[EventCountry "USA"]
[SourceTitle "playchess.com"]
[Source "ChessBase"]
[SourceQuality "1"]

{[%evp 21,95,54,65,55,61,21,30,30,40,0,0,-15,-8,-18,-28,-45,-17,-25,-16,-19,-18,-37,-35,-37,-29,-26,0,0,15,-10,-4,-127,-8,-11,-15,-20,0,-14,-14,-11,0,0,0,0,0,0,0,0,0,0,0,0,0,0,0,0,0,0,0,0,0,0,0,0,0,0,0,0,0,0,0,0,0,0,0,0]} 1. d4 Nf6 2. c4 g6 3. Nc3 Bg7 4. e4 O-O 5. Be3 d6 6. h3 c5 7. d5 e6 8. Nf3 exd5 9. exd5 Re8 10. Bd3 Nh5 11. O-O Nd7 12. Qd2 {E90: King's Indian: Classical: Early deviations and 6 h3} (12. Re1 Ne5 13. Bf1 f5 14. Be2 Nf7 15. Qc1 Bd7 16. Rb1 Rc8 17. Bd2 h6 18. b4 b6 19. Qa3 Rc7 {1-0 (53) Lalith,B (2529)-Indjic,A (2599) Biel 2018}) 12... f5 13. Rae1 (13. Bg5 $5 {[%cal Rg5d8]} Bf6 14. Bxf6 Ndxf6 15. Ng5 $14) 13... Ne5 14. Nxe5 {White has an edge.} Bxe5 15. f4 Bg7 16. Kh2 Bd7 17. b3 $146 ({Predecessor:} 17. Be2 Nf6 18. Bf3 a6 19. Bf2 Qa5 20. a3 Rab8 {1-0 (87) Babujian,L (2468)-Petrosian,D (2478) Kajaran 2011}) 17... a6 18. g3 Rb8 (18... b5 $5) 19. a4 Qa5 20. Nb1 Qc7 21. Na3 Nf6 22. Qc2 h5 23. Bc1 Kh7 24. Bb2 Qa5 25. Rxe8 Rxe8 26. Rf2 {[#]} (26. Nb1 $11 {keeps the balance.}) 26... Qe1 ({Black should try} 26... h4 $1 $17 {[%mdl 512] Strongly threatening ...Qe1.} 27. gxh4 Qe1) 27. Bc3 $1 $11 {[%cal Rc3e1] The position is equal.} Qe7 28. Re2 Ne4 29. Bxg7 Qxg7 30. h4 Qd4 31. Kg2 Kg7 32. Nb1 b5 33. axb5 axb5 34. Nd2 Nxd2 35. Rxe8 Bxe8 36. Qxd2 Bf7 37. Qe2 Qc3 38. Bc2 Kf8 39. Qd3 (39. Kh3 {is more complex.} Qb2 40. Qd1 Be8 41. Bd3 Bf7 42. Bc2) 39... Qxd3 40. Bxd3 {[%mdl 4096] Endgame KB-KB} Ke7 41. Kf2 Kd7 42. Ke2 Kc7 43. Kd2 Kb6 44. Kc3 Ka5 45. Bc2 Be8 46. Bd1 bxc4 47. bxc4 Ba4 48. Bb3 {Accuracy: White = 60%, Black = 68%.} 1/2-1/2

[Event "85th Southwest Open 2019"]
[Site "Dallas"]
[Date "2019.09.02"]
[Round "8.21"]
[White "Yu, Jennifer"]
[Black "Coraretti, Benjamin"]
[Result "1-0"]
[WhiteElo "2263"]
[BlackElo "2070"]
[Annotator "NA"]
[PlyCount "85"]
[EventDate "2019.08.29"]
[EventType "swiss"]
[EventCountry "USA"]
[SourceTitle "playchess.com"]
[Source "ChessBase"]
[SourceQuality "1"]
[TimeControl "5400+30"]

1. c4 {[%emt 0:05:22]} Nf6 {[%emt 0:02:00]} 2. Nc3 {[%emt 0:00:07]} e5 {[%emt 0:04:29]} 3. g3 {[%emt 0:01:55]} h6 {[%emt 0:04:07]} 4. Bg2 {[%emt 0:01:17]} c6 {[%emt 0:00:15]} 5. Nf3 {[%emt 0:02:42]} e4 {[%emt 0:03:16]} 6. Nd4 {[%emt 0:00:40]} d5 {[%emt 0:00:13]} 7. cxd5 {[%emt 0:00:56]} cxd5 {[%emt 0:00:17]} 8. d3 {[%emt 0:01:54]} exd3 {[%emt 0:21:27]} 9. Qxd3 {[%emt 0:00:38]} Nc6 {[%emt 0:00:24]} 10. O-O {[%emt 0:01:45]} Be7 {[%emt 0:03:51]} 11. Rd1 {[%emt 0:09:38]} Nb4 {[%emt 0:09:53]} 12. Qd2 {[%emt 0:13:09]} O-O {[%emt 0:02:05]} 13. a3 {[%emt 0:09:52]} Nc6 {[%emt 0:01:22]} 14. Nc2 {[%emt 0:00:34]} Be6 {[%emt 0:11:02]} 15. Nxd5 {[%emt 0:02:39]} Nxd5 {[%emt 0:00:21]} 16. Bxd5 {[%emt 0:00:02]} Bxd5 {[%emt 0:00:17]} 17. Qxd5 {[%emt 0:00:06]} Qb6 {[%emt 0:05:02]} 18. Qa2 {[%emt 0:05:51]} Qb5 {[%emt 0:11:06]} 19. Re1 {[%emt 0:08:41]} Bf6 {[%emt 0:01:48]} 20. Rb1 {[%emt 0:02:13]} Rfe8 {[%emt 0:06:45]} 21. Ne3 {[%emt 0:06:42]} Rad8 {[%emt 0:02:14]} 22. Qc4 {[%emt 0:03:51]} Qa5 {[%emt 0:07:18]} 23. b4 {[%emt 0:00:23]} Qh5 {[%emt 0:00:13]} 24. Bb2 {[%emt 0:07:51]} Bd4 {[%emt 0:00:01]} 25. Bxd4 {[%emt 0:04:34]} Rxd4 {[%emt 0:00:03]} 26. Qc3 {[%emt 0:03:53]} Rde4 {[%emt 0:00:05]} 27. Rbd1 {[%emt 0:01:29]} Rxe3 {[%emt 0:03:03]} 28. fxe3 {[%emt 0:00:02]} Ne5 {[%emt 0:00:23]} 29. Qc5 {[%emt 0:04:09]} Qh3 {[%emt 0:00:38]} 30. Qb5 {[%emt 0:00:14]} Re6 {[%emt 0:00:31]} 31. Qxb7 {[%emt 0:01:18]} Ng4 {[%emt 0:00:26]} 32. Rd8+ {[%emt 0:00:16]} Kh7 {[%emt 0:00:03]} 33. Qg2 {[%emt 0:00:03]} Qh5 {[%emt 0:00:31]} 34. Rd5 {[%emt 0:01:14]} f5 {[%emt 0:00:55]} 35. Rc5 {[%emt 0:00:38]} Rxe3 {[%emt 0:00:33]} 36. Rf1 {[%emt 0:00:27]} Re4 {[%emt 0:00:32]} 37. h3 {[%emt 0:00:46]} Ne3 {[%emt 0:00:20]} 38. Qxe4 {[%emt 0:00:17]} Nxf1 {[%emt 0:00:39]} 39. Qxf5+ {[%emt 0:00:07]} Qxf5 {[%emt 0:00:07]} 40. Rxf5 {[%emt 0:00:04]} Nxg3 {[%emt 0:00:05]} 41. Re5 {[%emt 0:00:41]} Kg6 {[%emt 0:00:02]} 42. Kf2 {[%emt 0:00:08]} Nf5 {[%emt 0:00:20]} 43. Ra5 {[%emt 0:02:22]} 1-0

[Event "85th Southwest Open 2019"]
[Site "Dallas"]
[Date "2019.09.02"]
[Round "8.22"]
[White "Kung, Thomas"]
[Black "Polavaram, Rithik"]
[Result "1/2-1/2"]
[WhiteElo "2200"]
[BlackElo "2062"]
[Annotator "TA"]
[PlyCount "105"]
[EventDate "2019.08.29"]
[EventType "swiss"]
[EventCountry "USA"]
[SourceTitle "playchess.com"]
[Source "ChessBase"]
[SourceQuality "1"]

{[%evp 15,105,22,12,19,16,10,52,58,53,43,67,79,79,82,73,44,80,63,81,55,82,-11,22,13,35,0,0,0,0,0,0,0,0,0,0,0,0,0,0,-229,-229,-256,-237,-246,-231,-254,-244,-256,-241,-567,-73,-56,0,-538,-508,-858,-856,-1481,-1469,-29985,-29986,-29986,-29986,-29986,-252,-212,-251,-246,-242,-245,-237,-250,0,0,0,-223,0,-30,0,-245,-229,-445,-46,-32,-12,-8,0,-31,0,-22,0,-39]} 1. e4 e5 2. Nf3 Nc6 3. Nc3 Nf6 4. Bb5 Bb4 5. O-O O-O 6. d3 d6 7. Ne2 Ne7 8. c3 Ba5 9. Ng3 {C49: Four Knights: 4 Bb5 Bb4} c6 10. Ba4 Qc7 $146 ({Predecessor:} 10... Ng6 11. d4 Re8 12. Bc2 h6 13. h3 Bc7 14. Re1 d5 15. Nxe5 Nxe5 16. dxe5 Nxe4 17. Nxe4 dxe4 18. Qxd8 Rxd8 19. Bxe4 Bxe5 {½-½ (31) Adhiban,B (2668)-Aronian,L (2780) Douglas 2018}) 11. Bg5 {Bxf6 is the strong threat.White is slightly better.} Ne8 12. d4 f6 13. Be3 Kh8 14. Bb3 Bb6 15. Qe2 Ng6 16. Rad1 Bd7 17. Nf5 d5 18. N3h4 (18. dxe5 $16 dxe4 19. e6 exf3 20. Qxf3) 18... Bxf5 (18... Nxh4 {is more complex.} 19. Nxh4 g5 20. Nf5 Bxf5 21. exf5 exd4 22. Bxd4 Bxd4 23. cxd4 Ng7) 19. Nxf5 dxe4 20. Qg4 Nd6 21. Nxd6 Qxd6 22. Qxe4 f5 23. Qc2 Bc7 24. dxe5 Qxe5 {[%csl Gc7][%cal Re5h2]} 25. g3 f4 26. Bd4 Qh5 27. Bxg7+ $2 (27. Rfe1 $1 $11) 27... Kxg7 $19 28. Rd7+ Kh8 29. Rxc7 {Hoping for Qd1.} Ne5 {aiming for ...Nf3+.} 30. Qe4 {Strongly threatening Bc2.} Nf3+ {[%mdl 64] Double Attack} 31. Kg2 fxg3 {[%csl Gf3,Gg3][%cal Rh5h2] [#]} 32. h3 $2 (32. Rf7 $1 {[%mdl 512] was the crucial defense.} Rfe8 (32... Rxf7 33. Bxf7) 33. Rxh7+ $1 {[%mdl 512]} Qxh7 34. Qxh7+ Kxh7 35. Kxf3) 32... Nh4+ $2 (32... Rae8 $1 $19 {[%cal Re8e4] has better winning chances.} 33. Be6 (33. Qg4 $2 Nh4+ 34. Kg1 gxf2+ 35. Kh2 Qe5+ 36. Qg3 Nf3+ 37. Kg2 Qxg3+ 38. Kxg3 Nd2 $19) 33... gxf2) 33. Kg1 $17 {Qd4+ would kill now.} ({Don't go for} 33. Kxg3 $2 Rg8+ $1 {[%mdl 512]} 34. Bxg8 Rxg8+ 35. Qg4 Qe5+ 36. f4 Qxc7 $19) 33... Nf3+ $2 {[%mdl 8192]} (33... gxf2+ $1 $15 34. Rxf2 Qg5+ 35. Kf1 Qc1+ 36. Ke2 Rxf2+ 37. Kxf2 Rf8+ 38. Bf7 (38. Rf7 Rxf7+ 39. Bxf7 Qxb2+ 40. Kf1 Kg7 $17) 38... Qxb2+ 39. Kg1 Qxc3 40. Qxh4 Qg7+ 41. Kh1 Rxf7 42. Rc8+ Rf8 43. Rxf8+ Qxf8 44. Qd4+ Kg8 45. Qg4+ Kf7 46. Qf4+ Ke7 47. Qb4+ Ke8 48. Qxb7 Qf3+ 49. Kh2 Qf4+ 50. Kg2 Qg5+ 51. Kf2 Qd2+ 52. Kf3 Qd5+ 53. Kg3 a5) 34. Kg2 $19 Rae8 $1 {[%cal Re8e4]} 35. Qg4 (35. Be6 $142 Qh6 36. Rc8 Rxc8 37. Bxc8) 35... Nh4+ 36. Kg1 gxf2+ 37. Kh1 Qxg4 38. hxg4 Re3 {[%cal Re3h3]} 39. Kh2 Rff3 $2 (39... Nf3+ {mates} 40. Kg2 Nh4+ 41. Kh2 h5 $1 {[%mdl 512]} 42. Bd1 Re1 43. Rxf2 Rxf2+ 44. Kg3 Rxb2 45. Kxh4 Rxd1 46. Kxh5 Rb5+ 47. g5 Rg1 48. Rc8+ Kg7 49. Rc7+ Kf8 50. Kg6 Rgxg5+ 51. Kf6 Rgf5+ 52. Ke6 Rf3 53. c4 Rb2 54. Rh7 Rc3 55. c5 Rxc5 56. a3 Ra5 57. Rh3 Re2+ 58. Kd7 c5 59. Kd6 c4 60. Rc3 Rd2+ 61. Ke6 Ra6+ 62. Ke5 b5 63. Rh3 Rd3 $1 {[%mdl 512]} 64. Rh1 Raxa3 65. Rh8+ Ke7 66. Rh7+ Kd8 67. Rh2 Kc7 68. Kf6 a5 69. Rg2 Kd6 70. Rc2 Rf3+ 71. Kg5 a4 72. Rh2 Rad3 73. Rh6+ Kc5 74. Rh7 a3 75. Ra7 c3 76. Kg4 Kb4 77. Kh5 c2 78. Rc7 a2 79. Re7 a1=Q 80. Re4+ Kb3 81. Kh6 c1=Q+ 82. Kh7 Qa7+ 83. Re7 Qxe7+ 84. Kh8 Rf8#) 40. Rc8+ Kg7 {[%csl Ge3][%cal Rf3h3]} 41. Rg8+ Kf6 $1 {[%csl Ge3][%cal Rf3h3]} (41... Kh6 42. g5+ Kh5 43. Bd1 $16) 42. Rf8+ Kg5 $1 {[%csl Ge3][%cal Rf3h3]} 43. Rg8+ Kf4 $2 (43... Ng6 $1 $19 44. Bc2 Rf4) 44. Rf8+ $11 Kg5 $2 ({Don't play} 44... Kxg4 $6 45. Bd1 $16) (44... Ke4 $11 45. Rxf2 Rxf2+ 46. Rxf2 Nf3+ 47. Kg3 Ne5+ 48. Kg2 Nxg4) 45. Rg8+ $1 $19 Kf6 $2 (45... Ng6 $1 $19 46. Bc2 Rf4) 46. Rf8+ $11 {[#]} Kg5 $1 47. Rg8+ $1 $19 {[#]} Ng6 $1 48. Kg2 $2 {[#]} (48. Bc2 {is the only way for White.}) 48... Rg3+ $2 (48... Kf4 $1 $19 {( -> ...Nh4+)} 49. Rxf2 Nh4+ 50. Kf1 Kg3) 49. Kxf2 $15 Rgf3+ 50. Kg2 $132 {[%mdl 2048] White has counterplay} Rg3+ 51. Kf2 $1 Rgf3+ 52. Kg2 Rg3+ 53. Kf2 $1 {Accuracy: White = 53%, Black = 39%.} 1/2-1/2

[Event "85th Southwest Open 2019"]
[Site "Dallas"]
[Date "2019.09.02"]
[Round "8.23"]
[White "Yanayt, Eugene"]
[Black "Gutla, Aryan"]
[Result "1-0"]
[WhiteElo "2240"]
[BlackElo "1631"]
[Annotator "NA"]
[PlyCount "51"]
[EventDate "2019.08.29"]
[EventType "swiss"]
[EventCountry "USA"]
[SourceTitle "playchess.com"]
[Source "ChessBase"]
[SourceQuality "1"]
[TimeControl "5400+30"]

1. d4 {[%emt 0:03:32]} Nf6 {[%emt 0:06:49]} 2. c4 {[%emt 0:00:09]} g6 {[%emt 0:00:04]} 3. Nc3 {[%emt 0:00:13]} Bg7 {[%emt 0:00:11]} 4. e4 {[%emt 0:00:06]} d6 {[%emt 0:00:02]} 5. Be2 {[%emt 0:00:43]} O-O {[%emt 0:00:20]} 6. Be3 {[%emt 0:01:43]} c5 {[%emt 0:02:55]} 7. dxc5 {[%emt 0:13:13]} Qa5 {[%emt 0:02:35]} 8. Bd2 {[%emt 0:33:26]} dxc5 {[%emt 0:04:55]} 9. e5 {[%emt 0:07:47]} Ne8 {[%emt 0:02:06]} 10. Nd5 {[%emt 0:01:52]} Qd8 {[%emt 0:00:41]} 11. Bc3 {[%emt 0:06:02]} Nc6 {[%emt 0:01:06]} 12. f4 {[%emt 0:03:55]} Nd4 {[%emt 0:11:57]} 13. Bxd4 {[%emt 0:01:53]} cxd4 {[%emt 0:00:41]} 14. Nf3 {[%emt 0:00:57]} Nc7 {[%emt 0:03:17]} 15. Qxd4 {[%emt 0:03:04]} Be6 {[%emt 0:04:48]} 16. Rd1 {[%emt 0:01:16]} Nxd5 {[%emt 0:02:57]} 17. cxd5 {[%emt 0:00:03]} Qa5+ {[%emt 0:01:02]} 18. b4 {[%emt 0:02:24]} Qxa2 {[%emt 0:01:25]} 19. dxe6 {[%emt 0:00:09]} Qxe6 {[%emt 0:00:11]} 20. O-O {[%emt 0:01:01]} a5 {[%emt 0:00:45]} 21. Ng5 {[%emt 0:01:53]} Qc8 {[%emt 0:01:12]} 22. Rc1 {[%emt 0:02:13]} Qd8 {[%emt 0:01:13]} 23. Qxd8 {[%emt 0:01:51]} Rfxd8 {[%emt 0:00:12]} 24. bxa5 {[%emt 0:00:41]} Rxa5 {[%emt 0:00:24]} 25. Rc7 {[%emt 0:00:28]} Bxe5 {[%emt 0:00:35]} 26. fxe5 {[%emt 0:00:50]} 1-0